Glossary of terms relating to river valley projects / (Record no. 4352)
[ view plain ]
| 000 -LEADER | |
|---|---|
| fixed length control field | 00884cam a2200145ua 4500 |
| 041 ## - LANGUAGE CODE | |
| Language code of text/sound track or separate title | eng |
| 082 ## - DEWEY DECIMAL CLASSIFICATION NUMBER | |
| Classification number | 627.833 |
| Item number | IND/GI |
| 245 ## - TITLE STATEMENT | |
| Title | Glossary of terms relating to river valley projects / |
| 260 ## - PUBLICATION, DISTRIBUTION, ETC. (IMPRINT) | |
| Place of publication | : |
| Name of publisher | ISI , |
| Year of publication | 1980. |
| 300 ## - PHYSICAL DESCRIPTION | |
| Number of Pages | 33 ; . |
| 942 ## - ADDED ENTRY ELEMENTS (KOHA) | |
| Koha item type | Books |
| Withdrawn status | Lost status | Damaged status | Home library | Current library | Date acquired | Full call number | Accession Number | Koha item type |
|---|---|---|---|---|---|---|---|---|
| Withdrawn | Damaged | KAUAET | 07/04/2012 | 627.833 | 17082 | Books |
